The Mauryas revisited / (Record no. 64060)
[ view plain ]
| 000 -LEADER | |
|---|---|
| fixed length control field | 00860nam a2200253 a 4500 |
| 001 - CONTROL NUMBER | |
| control field | 64060 |
| 003 - CONTROL NUMBER IDENTIFIER | |
| rucl marc code | BD-RjUL |
| 005 - DATE AND TIME OF LATEST TRANSACTION | |
| control field | 20211209081251.0 |
| 008 - FIXED-LENGTH DATA ELEMENTS--GENERAL INFORMATION | |
| fixed length control field | 170208s1987 ii b 000 0 eng d |
| 020 ## - INTERNATIONAL STANDARD BOOK NUMBER | |
| International Standard Book Number | 8170740215 : |
| Terms of availability | Rs25.00 |
| 035 ## - SYSTEM CONTROL NUMBER | |
| System control number | (BD-RjUL)64190 |
| 040 ## - CATALOGING SOURCE | |
| Original cataloging agency | BD-RjUL |
| Transcribing agency | BD-RjUL |
| Modifying agency | BD-RjUL |
| Language of cataloging | eng |
| 041 ## - LANGUAGE CODE | |
| Language code of text/sound track or separate title | eng |
| 082 00 - DEWEY DECIMAL CLASSIFICATION NUMBER | |
| Classification number | 934.04 |
| Edition number | 23 |
| Author mark and year | THM 1993 |
| 100 1# - MAIN ENTRY--PERSONAL NAME | |
| Personal name | Thapar, Romila. |
| 9 (RLIN) | 190270 |
| 245 14 - TITLE STATEMENT | |
| Title | The Mauryas revisited / |
| Statement of responsibility, etc. | Romila Thapar. |
| 260 ## - PUBLICATION, DISTRIBUTION, ETC. (IMPRINT) | |
| Place of publication, distribution, etc. | Calcutta : |
| Name of publisher, distributor, etc. | K.P. Bagchi & Co., |
| Date of publication, distribution, etc. | 1987 [reprinted 1993] |
| 300 ## - PHYSICAL DESCRIPTION | |
| Pagination | 60 p. ; |
| Size | 24 cm. |
| 504 ## - BIBLIOGRAPHY, ETC. NOTE | |
| Bibliography, etc | Includes bibliographies. |
| 651 #0 - SUBJECT ADDED ENTRY--GEOGRAPHIC NAME | |
| Geographic name | India |
| General subdivision | History |
| Chronological subdivision | Maurya dynasty, ca. 322 B.C.-ca. 185 B.C. |
| 9 (RLIN) | 190272 |
| 830 ## - SERIES ADDED ENTRY--UNIFORM TITLE | |
| Uniform title | Sakharam Ganesh Deuskar lectures on Indian history ; |
| Volume number/sequential designation | 1984 |
| 942 ## - ADDED ENTRY ELEMENTS (KOHA) | |
| Source of classification or shelving scheme | Dewey Decimal Classification |
| Koha item type | Books |
| Lost status | Source of classification or shelving scheme | Damaged status | Not for loan | Collection code | Permanent Location | Current Location | Shelving location | Date acquired | Source of acquisition | Cost, normal purchase price | Total Checkouts | Full call number | Date last seen | Copy number | Koha item type |
|---|---|---|---|---|---|---|---|---|---|---|---|---|---|---|---|
| Dewey Decimal Classification | Not For Loan | Non-fiction | Central Library, University of Rajshahi | Central Library, University of Rajshahi | Reading Room | 07/03/1998 | Dhaka, Aligarh library | 40.00 | 934.04 THM 1993 | 08/02/2017 | C-1 | Books |